| 000 | 00899nam a22002897a 4500 | ||
|---|---|---|---|
| 001 | BR6006188 | ||
| 003 | BR-BrBNA | ||
| 005 | 20230928083240.0 | ||
| 007 | ta | ||
| 008 | 230509b bl.||||| |||| 00| 0 por d | ||
| 040 |
_aBR-BrBNA _bpor _cBiblioteca Nacional de Agricultura |
||
| 041 | _a(Por) | ||
| 072 | _aE10 | ||
| 090 | _ E10 BR6006188 | ||
| 100 | 1 | _aMorato, E. | |
| 100 | 1 | _aMirandela, C.R. de S. | |
| 110 | 1 |
_aMinisterio da Agricultura, Brasilia, DF (Brasil). Escritorio de Estatistica, Analises e Estudos Economicos _96807 |
|
| 111 | 1 |
_a1. CITESCO _cBrasilia, DF (Brazil) _d12 Aug 1968 |
|
| 245 | 1 | _aUm enfoque conjuntural do setor primario da economia no trienio 1965/1967 | |
| 260 | 3 |
_aBrasilia, DF (Brasil): _c1968. |
|
| 300 | _a24 p. | ||
| 500 | _a10 ref. | ||
| 650 | _aMacroeconomia | ||
| 650 | _aPolitica economica | ||
| 909 |
_a202309 _bLucia _c55 _dLucia Elande |
||
| 942 | _cBK | ||
| 999 |
_c12378 _d12378 |
||